Investigacin̤ y Documentacin̤ Jurd̕ica

Detalles Bibliográficos
Autor principal: Villaseǫr Rodriguez, Isabel
Otros Autores: Gm̤ez Garca̕, Juan Antonio (coaut.)
Formato: Desconocido
Lenguaje:español
Publicado: Madrid : Dykinson , 2009
Materias:
Acceso en línea:Acceso restringido

MARC

LEADER 00000ny a22000003n 4500
005 20110623145336.0
008 100928s2010 sp 000 0 spa d
020 |a 9788498497878 
035 |a 5032 
040 |a BUS   |d vLex 
080 |a 001.8:34 
090 |c 1081  |d 1081 
100 1 |a Villaseǫr Rodriguez, Isabel  
245 1 0 |a Investigacin̤ y Documentacin̤ Jurd̕ica  |h [Recurso electrn̤ico]  |c Isabel Villaseǫr Rodrg̕uez, Juan Antonio Gm̤ez Garca̕ 
256 |a Servicio en ln̕ea 
260 |a Madrid :  |b Dykinson ,  |c 2009 
300 |a 144 p. ;  |c 24 cm 
506 1 |a Contenido solo disponible en los productos indicados  |d vLex Global  |d vLex Global (Academic Edition, excluding Law Schools)  |d vLex Global (U.S. Academic Edition, Law Schools)  |d vLex Global (U.S. Academic Edition, excluding Law Schools)  |d vLex Global (Academic Edition, Law Schools) 
650 0 7 |a Ciencia del Derecho  |2 Tesauro vLex 
650 0 7 |a Fuentes del derecho Civil  |2 Tesauro vLex 
700 1 |a Gm̤ez Garca̕, Juan Antonio,  |e coaut.  
740 0 |a vLex Libros (Servicios en ln̕ea) 
856 4 0 |u http://vlex.com/source/5032  |z Acceso restringido 
942 |c BOOK